000 00546pab a2200181 454500
008 180718b2006 xxu||||| |||| 00| 0 eng d
100 _aDeas, Iain
245 _aFrom a new regionalism to an unusual regionalism? The emergence of non-standard regional spaces and lessons for the territorial reorganisation of the state
260 _c2006
300 _ap.1847-877.
362 _aSep
650 _aAdministrative reorganization
650 _aRegionalism
700 _aLord, Alex
773 _aUrban Studies
908 _aN
909 _a74982
999 _c74982
_d74982